ការស្ដារឡើងវិញនូវការបំផ្លិចបំផ្លាញបរិស្ថាននៅក្នុងសមុទ្រចិនភាគខាងត្បូង និងឈូងសមុទ្រថៃ (Record no. 9975)

000 -LEADER
fixed length control field 00492nam a22001217a 4500
040 ## - CATALOGING SOURCE
Transcribing agency SY
082 ## - DEWEY DECIMAL CLASSIFICATION NUMBER
Classification number 577
100 ## - MAIN ENTRY--AUTHOR NAME
Personal name នាយកដ្ឋានជលផល
245 ## - TITLE STATEMENT
Title ការស្ដារឡើងវិញនូវការបំផ្លិចបំផ្លាញបរិស្ថាននៅក្នុងសមុទ្រចិនភាគខាងត្បូង និងឈូងសមុទ្រថៃ
260 ## - PUBLICATION, DISTRIBUTION, ETC. (IMPRINT)
Place of publication NA
Name of publisher ជលផល
Year of publication NA
300 ## - PHYSICAL DESCRIPTION
Number of Pages 51p.
942 ## - ADDED ENTRY ELEMENTS (KOHA)
Koha item type សៀវភៅភាសាខ្មែរ
952 ## - LOCATION AND ITEM INFORMATION (KOHA)
Withdrawn status [LOCAL, KOHA] 0
Holdings
Permanent Location Date acquired Koha item type Lost status Shelving location Barcode Current Location Full call number
Library Block C2016-09-16សៀវភៅភាសាខ្មែរ C161RUA44225Library Block C577 ជលផល NA C161
មជ្ឈមណ្ឌលឯការនៃសាកលវិទ្យាល័យភូមិន្ទកសិកម្មចំការដូង

Powered by Koha